| 000 | 01511nam2a22002291 4500 | ||
|---|---|---|---|
| 001 | v19\rc\2042179 | ||
| 005 | 20250620020120.0 | ||
| 035 | _a(NLR Aleph) 005121960 | ||
| 090 |
_a7602867 _c7602867 |
||
| 100 | _a20081111d1904 |||y0rusy50 ca | ||
| 101 | 0 | _arus | |
| 102 | _aRU | ||
| 105 | _ay z ||||| | ||
| 200 | 0 | _a... о десятом операционном годе (1903), представленные обыкновенному общему собранию акционеров от 7-го апреля 1904 г. | |
| 210 |
_d1904 _aБ. м. |
||
| 215 | _a19 с. | ||
| 461 | 0 |
_1001v19\rc\2042178 _12001#$aДоклады...$fАнонимное о-во Казанск. конно-железных дорог [ныне трамваев]$v... о десятом операционном годе (1903), представленные обыкновенному общему собранию акционеров от 7-го апреля 1904 г. _97602859 _aКазанское общество конно-железных дорог _cКазань _d1904 _fАнонимное о-во Казанск. конно-железных дорог [ныне трамваев] _tДоклады... _v... о десятом операционном годе (1903), представленные обыкновенному общему собранию акционеров от 7-го апреля 1904 г. |
|
| 801 | 0 |
_aRU _bNLR _gpsbo |
|
| 801 | 1 |
_aRU _bProSoft-M _2rusmarc |
|
| 852 |
_aNLR _j34.83.2.29 |
||
| 942 | _cBOOK | ||
| 980 | _aNB | ||